MDQL
is popping MORE tags! Check the
thread
!
Quizzes
Events
Quiz Creation
Community
Videos
Private Events
Remove Ads
Sign In
Join for FREE
Feedback
Dark Mode
Quiz Categories
Sports
Geography
Music
Movies
Television
Just For Fun
Miscellaneous
History
Literature
Language
Science
Gaming
Entertainment
Religion
Holiday
For Kids
Quiz Lab
Recent
Popular Today
Quiz Kudos Today
Editor Picks
Curator Picks
Quizzes by...
Day
Popularity
Type
Ratings
Length
Year
Community
Subscriptions
Recent Discussions
Orange Saloon
Badges
Playlists
Quests
Create
Leaderboards
Showdown
Live 5
Trivia Bingo
Activity
Puzzle Library
Sporcle Events
Private Events
Virtual Trivia
Globe League
Become a Host
Pub Owners
SporcleCon
Opinionation
Our Games
Videos
Blog
Mobile Apps
Partnerships
Remove Ads and Go Orange
Feedback
Just For Fun
Clickable
Get the Picture
Humor
Quick Pick
Word Ladder
Missing Word
Mixed Word
Blitz
Minefield
This or That
Alphabet
Color
Typing
Sporcle
Puzzle
Word Play
Follow That Line
Logic
Just For Fun
Clickable
Get the Picture
Humor
Quick Pick
Word Ladder
Missing Word
Mixed Word
Blitz
Minefield
This or That
Alphabet
Color
Typing
Sporcle
Puzzle
Word Play
Follow That Line
Logic
Random Quiz
Search Sporcle
×
Quiz Lab
Quiz Lab
Just For Fun
root
Type in answers that appear in a list
Type in answers that appear in a list
Classic
Best Score? Go Orange.
Words or phrases that contain 'Californi-' Stats
Can you name the words or phrases that contain the root 'Californi-'?
By
totebags
5m
16 Questions
226 Plays
226 Plays
226 Plays
Comments
Comments
Give Quiz Kudos
Give Quiz Kudos
-
- Ratings
hide this ad
Replay
Link that replays current quiz
Next Quiz
Link to next quiz in quiz playlist
You Got
0%
They Got
Avg Score
42%
Avg Friend Score
Upgrade to see
Score Distribution
Jump to the score distribution portion of the page
Score
0/16
Timer
05:00
0
Plays Today
Hint
Answer
% Correct
TV series starring David Duchovny
Californication
86.7%
1976 song by the Eagles
Hotel California
74.3%
Element with the atomic number 98
Californium
62.4%
1965 song by The Mamas and the Papas
California Dreamin'
57.1%
1965 song by the Beach Boys
California Girls
55.8%
Pizza restaurant chain
California Pizza Kitchen
54%
1995 song by 2Pac feat. Dr. Dre and Roger Troutman
California Love
51.3%
2006 song by the Red Hot Chili Peppers
Dani California
50.9%
Hint
Answer
% Correct
Northernmost and westernmost state of Mexico
Baja California
49.1%
Fictional R&B group composed of anthropomorphized dried grapes
California Raisins
44.7%
Mattress size that measures 72 × 84 in
California King
42.5%
1971 song by Led Zeppelin
Going to California
19%
Mid-
1990s teen TV series on NBC
California Dreams
17.3%
1972 song by Albert Hammond
It Never Rains in Southern California
4.9%
2,438 mile Amtrak train route
California Zephyr
3.5%
Asteroid discovered in 1892
341 California
0.9%
Quiz Playlist
Details
Report
Send in Message
Add To Playlist
Classic:
Type in answers that appear in a list
Last Updated: Feb 16, 2017
Quiz Scoreboard
CHALLENGE
Sign Up to Join the Scoreboard
Show All
Scores
Hide
Comments
May contain spoilers
Recently Published
Holiday 10x10 Sorting Gallery
by lukepisani3
Holiday
15m
Two Season TV Shows II
by 123Four
Television
10m
Image Sorting: Flags VI
by Barbecue
Geography
2m
More to Explore
Quiz From the Vault
Featured Blog Post
14 Easter Pick-up Lines to Find Eggs With
hide this ad
You Might Also Like...
Tags
California
phrase
root
Today's Top Quizzes in Just For Fun
Browse Just For Fun
hide this ad
Today's Top Quizzes in root
Browse root
Top Contributed Quizzes in Just For Fun
1
Name Just One - 10 to 1: Just For Fun
2
Missing Word: 2-Letter A-Z II
3
Avatar the Last Airbender: Logic Puzzle
4
Missing Letter Whitney Houston Songs
5
Missing Word: 'Of' Things A-Z
6
It's Magic / Witchcraft 🎩🪄🧙♀️
7
Eurovision 2024 Countries Logic Puzzle
8
Survivor Winners Logic Puzzle
9
Missing Word: 'Of' Things A-Z II
10
Killer Double Trees 224 - Colour Match-Up
Explore More
Trending Topics
Harry Potter
Marvel
Disney
Anime
Kpop
NBA
Crossword
Song
Pokémon
WWE
The Office
Puzzle
Soccer
Country
NFL
hide this ad
More By:
totebags
Quiz
Plays
Rating
Category
Featured
Created
San Francisco Bay Area Toll Bridges
488
5.00
Geography
Jan 28, 2010
TV show by its guest stars
339
4.40
Television
Nov 19, 2009
Eight is Enough children
293
5.00
Television
Jan 8, 2010
Words or phrases that contain 'Californi-'
226
4.00
Just For Fun
Feb 14, 2010
Going to Disney World/Disneyland
198
Sports
Feb 9, 2010
Go to Creator's Profile
Score Distribution
Quiz Creator Spotlight
totebags
Follow
Send a Message
Quizzes Created
-
Created Quiz Play Count
-
More By This Creator
Popular Quizzes Today
1
Find the US States - No Outlines Minefield
2
Colored Red Africa Blitz
3
Find the 'City' Movie
4
The Countries of the World
5
5x2 Blitz: Bands
6
Find the Countries of Europe - No Outlines Minefield
7
Find the US States
8
US States
More Just For Fun Quizzes
Get the Picture: Wipeout or Ninja Warrior?
Published
Trending Quizzes
Colored Red Europe Blitz I
Colored Red Africa Blitz II
Colored Red Europe Blitz II
Even More Two Season TV Shows
Colored Red Africa Blitz III
Recently Updated
Odd Team Out - Big 4 Players
pecheneg
Quick Pick: 20 Twenties
pecheneg
March Madness Men's Triple Doubles
pecheneg
How Do You Spell That?
pecheneg
Godzilla Movies
pecheneg
Grab Bag: 4-10 Letters
pecheneg
2024 March Madness Bracket
pecheneg
Famous TV Couples
Peacemaker
Champions League XIs: Real Madrid
pecheneg
Largest US Cities 1790-2010
pecheneg
Trending Topics
Kpop
Anime
Disney
Marvel
NBA
Harry Potter
Crossword
Song
Soccer
Puzzle
Country
WWE
NFL
The Office
Pokémon
Your Account Isn't Verified!
In order to create a playlist on Sporcle, you need to verify the email address you used during registration. Go to your
Sporcle Settings
to finish the process.
Report this User
Report this user for behavior that violates our
Community Guidelines
.
Details:
Send Report
Go to the Sporcle.com Mobile Site →
Comments